Nemůžete za to vy, ale on /

Hlavní autor: Witkin, Georgia
Další autoři: Grufíková, Tereza
Jazyk: Čeština
Vydáno: Hodkovičky : Pragma, [2015]
Témata:
Fyzický popis: 175 stran ; 22 cm
Knihy
Uloženo v:
LEADER 02074nam a2200613 i 4500
001 nkc20152731879
003 CZ PrNK
005 20151009141043.0
007 ta
008 150918t20152015xr e f 000 0 cze
015 |a cnb002731879 
020 |a 978-80-7349-460-5  |q (vázáno) 
035 |a (OCoLC)928740655 
040 |a OLA001  |b cze  |d ABA001  |e rda 
041 1 |a cze  |h eng 
072 7 |a 316.4/.7  |x Sociální interakce. Sociální komunikace  |2 Konspekt  |9 18 
080 |a 316.346.2  |2 MRF 
080 |a 316.472.42  |2 MRF 
080 |a 316.474  |2 MRF 
080 |a 316.346.2-055.2  |2 MRF 
080 |a 159.923.2  |2 MRF 
080 |a (0.062)  |2 MRF 
100 1 |a Witkin, Georgia  |7 mzk2009539572  |4 aut 
245 1 0 |a Nemůžete za to vy, ale on /  |c Georgia Witkin ; překlad Tereza Grufíková 
264 1 |a Hodkovičky :  |b Pragma,  |c [2015] 
264 4 |c ©2015 
300 |a 175 stran ;  |c 22 cm 
336 |a text  |b txt  |2 rdacontent 
337 |a bez média  |b n  |2 rdamedia 
338 |a svazek  |b nc  |2 rdacarrier 
500 |a Přeloženo z angličtiny? 
500 |a Správné místo vydání: Praha 
650 0 7 |a muži a ženy  |7 ph123061  |2 czenas 
650 0 7 |a partnerské vztahy  |7 ph115684  |2 czenas 
650 0 7 |a partnerský výběr  |7 ph123982  |2 czenas 
650 0 7 |a ženy  |7 ph127967  |2 czenas 
650 0 7 |a sebepoznání  |7 ph116116  |2 czenas 
650 0 7 |a sebepřijímání  |7 ph210489  |2 czenas 
650 0 7 |a sebepojetí  |7 ph125450  |2 czenas 
650 0 9 |a men and women  |2 eczenas 
650 0 9 |a partner relationships  |2 eczenas 
650 0 9 |a mate selection  |2 eczenas 
650 0 9 |a women  |2 eczenas 
650 0 9 |a self-consciousness  |2 eczenas 
650 0 9 |a self-acceptance  |2 eczenas 
650 0 9 |a self-concept  |2 eczenas 
655 7 |a populárně-naučné publikace  |7 fd131864  |2 czenas 
655 9 |a popular works  |2 eczenas 
700 1 |a Grufíková, Tereza  |7 pag2008454888  |4 trl 
910 2 |a BOA001  |b 2-1354.142 
990 |a BK 
995 |a 01 
991 |b 201509  |c NOV  |e n 
996 6 |b 2610644508  |c 2-1354.142  |l MZK  |r Sklad / do 1 hodiny  |n 0  |p p.v.  |w 001524452  |u 000010  |a 1  |e BOA001  |j MZK50  |s P